000 00647nam a2200217 i 4500
001 27543
003 ES-MaACL
005 20250812085822.0
007 t|
008 030114s1959 sp ||||1| spa d
100 1 _aAubry, José.
_923826
245 1 3 _aEl Espíritu Santo y nuestra vida espiritual /
_cJosé Aubry.
260 _aMadrid :
_bAtenas,
_c[1959] (
_fGráf. Valera)
300 _a191 p. ;
_c20 cm.
490 1 _aAscesis ;
_v19
650 4 _aEspíritu Santo.
_912503
650 7 _aVida espiritual-
_xCristianismo
_2
_9158575
830 1 _aAscesis ;
_v19
_9182283
852 _aES-MaACL
_jC-17746
999 _c27543
_d27543